Miasta w województwie podkarpackim po powiatach - Statystyki

Ogólne statystyki
  • Ten quiz został rozwiązany 26 razy
    14 od ostatniego zresetowania
  • Średni wynik to 50 z 54
Statystyki odpowiedzi
lp. Populacja Miasto % Poprawnych
2 1 400 Baranów Sandomierski
100%
2 6 300 Boguchwała
100%
1 7 200 Brzozów
100%
1 42 000 Dębica
100%
3 2 000 Dukla
100%
1 11 000 Głogów Małopolski
100%
1 35 000 Jarosław
100%
1 32 000 Jasło
100%
1 8 400 Kolbuszowa
100%
3 44 000 Krosno
100%
1 18 000 Łańcut
100%
1 5 000 Lesko
100%
1 13 000 Leżajsk
100%
1 11 000 Lubaczów
100%
1 57 000 Mielec
100%
1 14 000 Nisko
100%
1 10 000 Nowa Dęba
100%
2 55 000 Przemyśl
100%
1 14 000 Przeworsk
100%
1 16 000 Ropczyce
100%
2 6 400 Rudnik nad Sanem
100%
1 199 000 Rzeszów
100%
1 34 000 Sanok
100%
2 12 000 Sędziszów
100%
5 4 400 Sokołów
100%
1 54 000 Stalowa Wola
100%
1 8 300 Strzyżów
100%
4 43 000 Tarnobrzeg
100%
1 8 200 Ustrzyki Dolne
100%
2 4 900 Zagórz
100%
3 2 700 Brzostek
89%
4 1 800 Cieszanów
89%
2 800 Dubiecko
89%
3 6 000 Dynów
89%
4 1 100 Jawornik Polski
89%
2 2 800 Oleszyce
89%
2 5 000 Pilzno
89%
3 1 800 Przecław
89%
2 4 900 Radymno
89%
2 3 500 Rymanów
89%
3 2 000 Sieniawa
89%
4 4 600 Tyczyn
89%
3 1 400 Ulanów
89%
1 990 Bircza
78%
6 2 100 Błażowa
78%
4 1 500 Iwonicz-Zdrój
78%
1 5 500 Jedlicze
78%
2 2 900 Kańczuga
78%
2 1 400 Kołaczyce
78%
3 2 000 Narol
78%
2 5 400 Nowa Sarzyna
78%
3 3 600 Pruchnik
78%
2 3 400 Radomyśl Wielki
78%
2 2 800 Zaklików
78%
Nie znaleziono quizów pasujących do podanych kryteriów
Rozkład punktacji
Procent ludzi z każdym wynikiem
Percentyl według liczby udzielonych odpowiedzi
Twoja historia wyników
Nie rozwiązałeś tego quizu od ostatniego zresetowania